Návrh dvojstupňovej prevodovky pre vozidlo poháňané elektromotorom

Gespeichert in:
Bibliographische Detailangaben
1. Verfasser: Čimo, Martin (Verfasst von)
Weitere Verfasser: Milesich, Tomáš (Betreuung Doktorarbeit)
Format: Manuskript Buch
Sprache:Slowakisch
Veröffentlicht: 2020
Schlagworte:
Online-Zugang:http://is.stuba.sk/zp/portal_zp.pl?podrobnosti=150571
Tags: Tag hinzufügen
Keine Tags, Fügen Sie das erste Tag hinzu!

MARC

LEADER 00000ntm a22000003a 4500
001 stuzp81414
003 SK-STU
005 20200711211126.1
007 ta
008 150427s2015----xo-----f-mn---000-0-slo-d
040 |a STU  |b slo 
041 0 |a slo 
100 1 |a Čimo, Martin  |u 020030  |k Z4  |4 aut  |U SjF Strojnícka fakulta  |T SjF Ústav dopravnej techniky a konštruovania  |X 81346  |U J0030  |Y 806  |7 81346 
242 0 1 |a Design of a 2-speed gearbox for vehicle with electric drive  |y eng 
245 1 0 |a Návrh dvojstupňovej prevodovky pre vozidlo poháňané elektromotorom 
260 |c 2020 
650 4 |a shaft  |2 eng 
650 4 |a gear wheel  |2 eng 
650 4 |a vehicle drive  |2 eng 
650 4 |a gearbox  |2 eng 
650 4 |a electric motor  |2 eng 
650 4 |a hriadeľ  |2 slo 
650 4 |a ozubené koleso  |2 slo 
650 4 |a pohon vozidla  |2 slo 
650 4 |a elektromotor  |2 slo 
650 4 |a prevodovka  |2 slo 
700 1 |a Milesich, Tomáš  |u 020030  |k Z2  |4 ths  |U SjF Strojnícka fakulta  |T SjF Ústav dopravnej techniky a konštruovania  |X 49630  |U J0030  |Y 806  |7 A000049630 
856 4 |u http://is.stuba.sk/zp/portal_zp.pl?podrobnosti=150571